01020nam a22002417a 450000500170000001000150001702000270003203500130005903700130007208200140008510000220009924501500012126000440027127000580031530000270037350000700040061000590047065000540052970000210058394200280060499900170063295201290064920150421143700.0 aENG-112296 a9788121512787c1995.00 aEN-95828 bDBAD/PUB a284.65496 aBeszterda, Rafal  aThe Moravian brethren and Himalayan cultures : cby Rafal Beszterda ; English translation by Thomas Anessi.bevangelisation, society, industry /  aNew Delhi bMunshiram Manoharlal c2013 aPO Box 5715,54 Rani Jhansi Road, bNew Delhi e110055 a361p.:c25cm(Hb)bill. a Includes bibliographical references (pages 305-333) and indexes. aMoravian ChurchxMissions zHimalaya Mountains Region. aChristianityzHimalaya Mountains Region xHistory a Anessi, Thomas. 2ddccENmBESh284.65496 c92069d92069 001040718NFICaDBADbDBADd2015-03-04eDBAD/PUBg1995.00l0o284.65496 BESpEN-95828r2015-03-04 00:00:00t1v1995.00yEN